000 00253nam a2200109Ia 4500
008 190216s9999||||xx |||||||||||||| ||und||
100 _aRamachandran Pilla G
245 0 _aVila Paripalanam
260 _bM M Publication
650 _aBotany
942 _cBK
999 _c40464
_d40464